00230nam a2200097 a 450000500170000000800410001705000180005824500240007665000090010065000230010920141022142004.0080916s19uu xx 00 eng d aVCDbB34 2001 aBayaning 3rd world. aVCD. aBayaning 3rd world